大內錦衣衛 : 豹房春秋

資料類型: Book 圖書   書目號:45595

Leader xxxxxxxxxx
001 __ PCLIS00045595
005 __ 20120717111355.0008
010 0_ |a978-986-167-962-4|b平裝|dNT$270
042 __ |anbic
100 __ |a20120703d2012    m  y0chiy50      e
101 0_ |achi
102 __ |atw
105 __ |ay   z   000ay
200 1_ |a大內錦衣衛|e豹房春秋|f馮精志著
205 __ |a初版
210 __ |a新北市深坑區|c新潮社文化出版|a新北市土城區|c創智文化代理|d2012[民101]
215 0_ |a334面|c|d21公分
225 2_ |a現代小說館|v2
300 __ |a
510 1_ |aDanei jinyiwei|zeng
606 __ |a歷史小說|2cst
681 __ |a857.7|b3194|v2007年版
700 _1 |a|b精志|4702 __ |a|b|4
801 _2 |atw|bNTL|c20120627|gCCR
詳細館藏(共 1 筆)
索 書 號登 錄 號冊次號館別 / 館藏地流通類型狀態加入預約清單電子資源
857.7 / 8233 2019067  圖書館 / 一樓普通區 可外借30天 在館   

| 條列資料




目錄查詢 分類查詢 個人資料 圖書薦購 新書查詢 閉館日 排行榜 更多電子資源 Hami書城 線上資料庫 登出

From : 216.73.217.52

  本日流通累計至 08:50:17 借閱 : 0 次 續借 : 0 次 歸還 : 0 次 預約 : 0 次 電子資源 : 0 次


內湖高中圖書館  PCLIS 版本  26.5.0.12